EURO 2024 Niemcy - Statystyki

Ogólne statystyki
  • Ten quiz został rozwiązany 575 razy
    315 od ostatniego zresetowania
  • Średni wynik to 21 z 24
Statystyki odpowiedzi
Odpowiedź % Poprawnych
Francja
98%
Niemcy
98%
Polska
98%
Hiszpania
97%
Holandia
97%
Austria
96%
Anglia
94%
Portugalia
94%
Włochy
91%
Albania
90%
Czechy
90%
Chorwacja
89%
Szkocja
89%
Ukraina
89%
Węgry
89%
Belgia
87%
Słowacja
87%
Szwajcaria
87%
Słowenia
86%
Dania
83%
Gruzja
83%
Turcja
82%
Serbia
80%
Rumunia
76%
Nie znaleziono quizów pasujących do podanych kryteriów
Rozkład punktacji
Procent ludzi z każdym wynikiem
Percentyl według liczby udzielonych odpowiedzi
Twoja historia wyników
Nie rozwiązałeś tego quizu od ostatniego zresetowania